000 01144nas a2200313 4500
001 BR2021000596
003 BR-BrBNA
005 20231205132229.0
007 ta
008 230509b bl.|||p| |||| 00| 00por d
040 _aBR-BrBNA
_bpor
_cBiblioteca Nacional de Agricultura
041 _a(Pt)
072 _aP01; U40
100 1 _aIvo, I.O.
100 1 _aBiudes, M.S.
100 1 _aCosta, R. de O.
100 1 _aMachado, N.G.
100 1 _aSantos, L.O.F. dos
100 1 _aPedreira Junior, A.L.
245 1 _aVariação temporal de parâmetros biofísicos da superfície por imagens Landsat 5 em diferentes coberturas do solo em uma área de transição de cerrado e pantanal em Mato Grosso
650 _aDESMATAMENTO
650 _aSENSORIAMENTO REMOTO
650 _aAQUECIMENTO
773 0 _tNativa. Pesquisas Agrárias e Ambientais (Brazil)
_xISSN 2318-7670
_g(Sep-Oct 2020), v. 8(5) p. 597-602
_wBR2021000596
856 4 0 _uhttps://periodicoscientificos.ufmt.br/ojs/index.php/nativa/article/view/10064/7565
856 4 0 _dLink DSPACE/MAPA BR2021000596
909 _a202311
_bLúcia
_c55
_dLúcia Elande
942 _2AGRIS
_n0
_cANA
999 _c259186
_d259186